| 000 | 00466nam a2200169Ia 4500 | ||
|---|---|---|---|
| 008 | 230917s9999||||xx |||||||||||||| ||und|| | ||
| 020 | _cRS 1100.00 | ||
| 040 |
_e5013125 _aMAIN |
||
| 041 | _aEnglish | ||
| 082 | _a361.30954 P192S | ||
| 100 | _aPandey, Tejaskar | ||
| 245 | 0 | _aSamajik development and social work | |
| 260 |
_aJaipur _bRawat Publications _c2021 |
||
| 300 | _axii, 262 p. | ||
| 500 | _a4524 02/02/2022 HBD22/9321 10/03/2022 Main Budget | ||
| 942 | _cBK | ||
| 999 |
_c5433 _d5433 |
||